Statistics for Houston Texans Team Trivia

Click here to take the quiz!

General Stats

  • This quiz has been taken 172 times
  • The average score is 8 of 15

Answer Stats

QuestionAnswer% Correct
When were the Houston Texans created2002
86%
Who did the Houston Texans select with 11th pick in the 2011 NFL draftJJ Watt
86%
Who holds the Houston Texans team record for most sacks in a careerJJ Watt
86%
Who was the Houston Texans first Draft pickDavid Carr
76%
Who did the Houston Texans select with the #3 overall pick in the 2003 NFL draftAndre Johnson
72%
How many winning seasons have the Houston Texans had6
67%
Who did the Houston Texans select with the 1st pick in the 2014 NFL draftJadeveon Clowney
64%
Who did the Houston Texans beat in there first regular season gameDallas Cowboys
49%
Who did the Houston Texans beat in the 2016 playoffsOakland Raiders
48%
Who did the Houston Texans beat for there first ever playoff winCincinnati Bengals
44%
Who was the Houston Texans first Head CoachDom Capers
23%
Who caught Matt Schaub's 100th career TouchdownOwen Daniels
21%
Who was the first Houston Texans to win a MAIN yearly awardDeMeco Ryans
16%
Who did the Houston Texans select in the 2007 draft making him the youngest player in the NFL everAmobi Okoye
15%
Who was the Houston Texans first Pro BowlerGary Walker/Aaron Glenn
13%

Score Distribution

Percentile by Number Answered

Percent of People with Each Score

Your Score History

You have not taken this quiz